Southville International School and Colleges
Your cart is empty.
  • Cart
  • Lists
    Public lists Eva Luna New books Lux_list list_1
    Your lists Log in to create your own lists
  • Log in to your account
  • Your cookies
  • Search history
Southville International School and Colleges
  • Advanced search
  • Recent comments
  • Most popular
  • Libraries

Log in to your account

Log in with GOOGLE


If you do not have an external account, but do have a local account, you can still log in:

  1. Home
  2. MARC view: Mga babasahim hingil sa kasaysayan ng Pilipinas
Normal view MARC view ISBD view

Mga babasahim hingil sa kasaysayan ng Pilipinas (Record no. 365194)

[ view plain ]
MARC details
000 -LEADER
fixed length control field 00628nam a22002057a 4500
003 - CONTROL NUMBER IDENTIFIER
control field 0
005 - DATE AND TIME OF LATEST TRANSACTION
control field 20230823153229.0
008 - FIXED-LENGTH DATA ELEMENTS--GENERAL INFORMATION
fixed length control field 230823b xxu||||| |||| 00| 0 eng d
020 ## - INTERNATIONAL STANDARD BOOK NUMBER
International Standard Book Number 978-971-9655-33-6
050 ## - LIBRARY OF CONGRESS CALL NUMBER
Classification number DS 668
Item number .R36 2023
100 ## - MAIN ENTRY--PERSONAL NAME
Personal name Ramos, Gil D.
245 ## - TITLE STATEMENT
Title Mga babasahim hingil sa kasaysayan ng Pilipinas
Statement of responsibility, etc Gil D. Ramos
250 ## - EDITION STATEMENT
Edition statement Second edition
260 ## - PUBLICATION, DISTRIBUTION, ETC. (IMPRINT)
Place of publication, distribution, etc Manila
Name of publisher, distributor, etc Mindshapers Co., Inc.
Date of publication, distribution, etc c2023.
300 ## - PHYSICAL DESCRIPTION
Extent x, 280 pages :
Other physical details b&w, ill. ;
Dimensions 26 cm.
500 ## - GENERAL NOTE
General note Philippines--history.
504 ## - BIBLIOGRAPHY, ETC. NOTE
Bibliography, etc Includes bibliographical references.
651 ## - SUBJECT ADDED ENTRY--GEOGRAPHIC NAME
Geographic name Philippines--history.
942 ## - ADDED ENTRY ELEMENTS (KOHA)
Source of classification or shelving scheme Library of Congress Classification
Koha item type Books
Holdings
Withdrawn status Lost status Source of classification or shelving scheme Damaged status Home library Current library Shelving location Date acquired Source of acquisition Sub Shelving location Total Checkouts Full call number Barcode Date last seen Price effective from Koha item type
    Library of Congress Classification   College Library College Library Filipiniana Section 08/23/2023 Library Fund     DS 668 .R36 2023 C22898 08/23/2023 08/23/2023 Books

Mga babasahim hingil sa kasaysayan ng Pilipinas

APA

Ramos G. D., . (2023). Mga babasahim hingil sa kasaysayan ng Pilipinas. Manila: Mindshapers Co., Inc.

Chicago

Ramos Gil D, . 2023. Mga babasahim hingil sa kasaysayan ng Pilipinas. Manila: Mindshapers Co., Inc.

Harvard

Ramos G. D., . (2023). Mga babasahim hingil sa kasaysayan ng Pilipinas. Manila: Mindshapers Co., Inc.

MLA

Ramos Gil D, . Mga babasahim hingil sa kasaysayan ng Pilipinas. Manila: Mindshapers Co., Inc. 2023.

  • Place hold
  • Print
  • Cite
  • Add to your cart (remove)
  • Save record
    BIBTEX Dublin Core MARCXML MARC (non-Unicode/MARC-8) MARC (Unicode/UTF-8) MARC (Unicode/UTF-8, Standard) MODS (XML) RIS
  • More searches
    Search for this title in:
    Other Libraries (WorldCat) Other Databases (Google Scholar) Online Stores (Bookfinder.com) Open Library (openlibrary.org)

Exporting to Dublin Core...

SOUTHVILLE LIBRARY

Southville International School and Colleges Library

1281 Tropical Ave. Cor. Luxembourg St., BF Homes International, Las Pinas City

Tel. No. 8256374 / 252358 Loc. 117/146

Powered by Koha